000 00216 a2200097 4500
001 42932
100 _aSuleri Z.A
245 _aPakistan lost years
260 _aLahore
_bProgressive P ltd
_c
090 _c26813
_d26813
942 _aNUST-CAE
_cM
_c18684
999 _c278005
_d278005